Commutative algebra / (Record no. 130600)

MARC details
000 -LEADER
campo de control de longitud fija 00667nam a2200229 i 4500
001 - NÚMERO DE CONTROL
campo de control 130600
003 - IDENTIFICADOR DE NÚMERO DE CONTROL
campo de control ES-MaACL
005 - FECHA Y HORA DE LA ÚLTIMA TRANSACCIÓN
campo de control 20250724074556.0
007 - CAMPO FIJO DE DESCRIPCIÓN FÍSICA--INFORMACIÓN GENERAL
campo de control de longitud fija t|
008 - DATOS DE LONGITUD FIJA--INFORMACIÓN GENERAL
campo de control de longitud fija 070801s1975 sp ||||1| spa d
100 1# - ENTRADA PRINCIPAL--NOMBRE DE PERSONA
Nombre de persona Zariski, Oscar.
9 (RLIN) 118078
245 10 - MENCIÓN DEL TÍTULO
Título Commutative algebra /
Mención de responsabilidad, etc. Oscar Zariski, Pierre Samuel.
260 ## - PUBLICACIÓN, DISTRIBUCIÓN, ETC.
Lugar de publicación, distribución, etc. New York :
Nombre del editor, distribuidor, etc. Springer,
Fecha de publicación, distribución, etc. 1975.
300 ## - DESCRIPCIÓN FÍSICA
Extensión 1 v. ;
Dimensiones 25 cm.
490 1# - MENCIÓN DE SERIE
Mención de serie Graduate texts in mathematics
505 8# - NOTA DE CONTENIDO CON FORMATO
Nota de contenido con formato Es el vol. II
650 #7 - PUNTO DE ACCESO ADICIONAL DE MATERIA--TÉRMINO DE MATERIA
Término de materia o nombre geográfico como elemento de entrada Álgebra
Fuente del encabezamiento o término embne
9 (RLIN) 9720
700 1# - ENTRADA AGREGADA--NOMBRE PERSONAL
Nombre de persona Samuel, Pierre.
9 (RLIN) 102216
830 0# - PUNTO DE ACCESO ADICIONAL DE SERIE-TÍTULO UNIFORME
Título uniforme Graduate texts in mathematics
9 (RLIN) 219480
852 ## - LOCALIZACIÓN
Ubicación ES-MaACL
Número de control de estantería P-419
Sublocalización o colección R.95417
Holdings
Estatus retirado Estado de pérdida Estado de daño No para préstamo Biblioteca de origen Biblioteca actual Ubicación en estantería Fecha de adquisición Fuente de adquisición Total de préstamos Signatura topográfica completa Código de barras Visto por última vez Precio de reemplazo Tipo de ítem Koha
        Biblioteca del Ateneo de Madrid Biblioteca del Ateneo de Madrid Depósito 2 17/01/2008     P-419 1135978 23/02/2023 23/02/2023 Libro impreso